tensura personnage - Statistiques

Statistiques générales
  • Ce quiz a été pris 158 fois
    155 depuis la dernière actualisation
  • Le résultat moyen est 24 sur 61
Statistiques - réponses
Réponse % Correct
tempest limule
90%
Shion
88%
Benimaru
84%
Shuna
81%
Gobuta
80%
Nava Millim
80%
Gabiru
76%
Sōei
71%
Tempest Veldra
71%
Crimson Guy
67%
Cromwell Leon
66%
Diablo
65%
Valentin Luminus
64%
Frey
59%
Hakurō
59%
Sakaguchi Hinata
59%
Riguru
58%
Clayman
57%
Riguru'd
57%
Dino
54%
Gerudo
54%
Carrion
52%
Aubert Chloé
48%
Kagurazaka Yūki
48%
Sōka
43%
Ranga
42%
Kaijin
41%
Izawa Shizue
39%
Kurobē
39%
Dagruel
37%
Dwargo Gazehr
36%
Lamiris
34%
Rondo Alice
31%
Vester
30%
Abiru
28%
Laplace
28%
Ellen
27%
Satoru Mikami
27%
Misaki Kenya
25%
Gibson Gale
24%
Albis
23%
Germudo
20%
Phobio
20%
Sofia
20%
Tryney
19%
Kazarym
17%
Sekiguchi Ryōta
17%
Garm
16%
Ifrit
16%
Grucius
12%
Myulan
12%
Dord
11%
Mizutani Kirara
10%
Taguchi Shōgo
10%
Youmu
10%
Mjöllmile Gard
8%
Tachibana Kyōya
8%
Gido
7%
Grimwald Elalude
7%
Kabal
7%
Myrde
2%
Aucun quiz correspondant
Distribution des résultats
% des personnes avec chaque résultat
Percentile par nombre de réponses
Votre historique - résultats
Vous n’avez pas pris ce quiz depuis la dernière actualisation